00791aab a2200265a 44500008003900000041000800039100002500047245008300072245003500155260000900190300001200199500003600211520001500247650001500262700001900277700001600296700001800312700002500330700002800355700002500383700001800408700001600426773002400442773005900466130508s2012 cat acat aArrizabalaga, Antoni aProposta de noms comuns per a les papallones diürnes (ropalòcers)catalanes cAntoni Arrizabalaga [et al.] c2012 ap. 5-28 aReferències bibliogràfiques aaprox. 250 apapallones aDantart, Jordi aDinca, Vlad aJubany, Jordi aSesma, José Manuel aStefanescu, Constantí aVallhonrat, Francesc aViader, Santi aVila, Roger g(<2012>), núm 103 tButlletí de la Societat Catalana de Lepidopterologia